Ricostruisci la Carriera del Calciatore - Torsten Frings - Statistics

Statistiche generali
  • Questo quiz è stato fatto 4 volte
  • Il punteggio medio è 3 su 6
Statistiche sulle risposte
Hint Risposta % Corretto
1994-1997 Alemannia Aquisgrana
75%
2004-2005 Bayern Monaco
50%
1997-2002 Werder Brema
50%
2002-2004 Borussia Dortmund
25%
2011-2012 Toronto FC
25%
2005-2011 Werder Brema
25%
Nessun quiz corrispondente trovato
Distribuzione punteggi
Percentuale di utenti per punteggio
Percentile per numero di risposta
I tuoi punteggi nel tempo
Non hai fatto questo quiz